| 000 | 00611nam a2200181 4500 | ||
|---|---|---|---|
| 001 | 122188 | ||
| 003 | ES-MaACL | ||
| 005 | 20251116063102.0 | ||
| 007 | t| | ||
| 008 | 070214s1946 sp r ||||1| spa d | ||
| 100 | 0 |
_aPrieto-Castro y Ferrándiz, Leonardo _993919 |
|
| 245 | 1 | 0 |
_aDerecho Procesal Civil / _cLeonardo Prieto Castro. |
| 250 | _a4ª ed. corr., aum. y puesta al día de la obra `Exposición del Derecho Procesal Civil de España`. | ||
| 260 |
_aZaragoza : _bLibrería General, _c1946. |
||
| 300 |
_a2 v. ; _c22 cm. |
||
| 852 |
_aES-MaACL _jE-2014-15 _bR.23000 |
||
| 999 |
_c122188 _d122188 |
||